| 000 | 00933nam a22002417a 4500 | ||
|---|---|---|---|
| 999 |
_c21599 _d21599 |
||
| 003 | AR-CdUCM | ||
| 008 | 190312b ||||| |||| 00| 0 spa d | ||
| 020 | _a9786124041976 | ||
| 040 |
_aMUNICIPALIDAD PROVINCIAL DEL CUSCO _cBIBLIOTECA MUNICIPAL DEL CUSCO |
||
| 082 |
_a301.94/N89 _bN89 _2segunda |
||
| 100 |
_aNugent, José Guillermo _945482 |
||
| 245 |
_aEl laberinto de la choledad : _bpáginas para entender la desigualdad / _cJosé Guillermo Nugent ; [prólogo, Jorge Nieto Montesinos] |
||
| 260 |
_aLima : _bUniversidad Peruana de Ciencias Aplicadas, _c2012. |
||
| 300 |
_a224, [3] páginas. : _c22 cm. |
||
| 500 | _zBibliografía: p. 219-224. | ||
| 650 |
_aMarginación social _944857 |
||
| 650 |
_aCondiciones sociales _945483 |
||
| 650 |
_aPerú _945484 |
||
| 700 |
_aNieto Montesinos, Jorge (prologuista) _945485 |
||
| 710 |
_aUniversidad Peruana de Ciencias Aplicadas _945331 |
||
| 942 |
_2ddc _cLIBROS |
||
| 945 | _aRoel | ||